000 00700cam a2200241 4500500
005 20260405003727.0
041 _afre
042 _adc
100 1 0 _aMorel, François
_eauthor
245 0 0 _aConseil n° 29 : le soir, pour bien dormir, mangeons léger
260 _c2023.
500 _a27
690 _aDialogue
690 _aDictature
690 _aDiplomatie
690 _aEmmanuel Macron
690 _aFrançois Morel
690 _aHitler
690 _aHumour
690 _aRire
786 0 _nPhilosophie magazine | 170 | 6 | 2023-06-01 | p. 76-76 | 1951-1787
856 4 1 _uhttps://shs.cairn.info/magazine-philosophie-magazine-2023-6-page-76?lang=fr&redirect-ssocas=7080
999 _c2070236
_d2070236